Actors who worked with Nicholas Stoller - Statistics

General Stats
  • This quiz has been taken 4 times
  • The average score is 28 of 76
Answer Stats
Hint Answer % Correct
Neighbors, Neighbors 2: Sorority Rising Seth Rogen
100%
The Five-Year Engagement Dakota Johnson
67%
Neighbors, Neighbors 2: Sorority Rising Dave Franco
67%
Neighbors, Get Him to the Greek Jake Johnson
67%
Forgetting Sarah Marshall Jason Bateman
67%
Forgetting Sarah Marshall, The Five-Year Engagement Jason Segel
67%
Forgetting Sarah Marshall, Get Him to the Greek Jonah Hill
67%
Forgetting Sarah Marshall, Get Him to the Greek Kristen Bell
67%
Forgetting Sarah Marshall Paul Rudd
67%
You're Cordially Invited Reese Witherspoon
67%
Neighbors, Neighbors 2: Sorority Rising, Get Him to the Greek Rose Byrne
67%
Forgetting Sarah Marshall, Get Him to the Greek Russell Brand
67%
You're Cordially Invited Will Ferrell
67%
Neighbors, Neighbors 2: Sorority Rising Zac Efron
67%
Neighbors Adam Devine
33%
The Five-Year Engagement Alison Brie
33%
Bros Amy Schumer
33%
Neighbors, Storks Andy Samberg
33%
Neighbors 2: Sorority Rising, Storks Awkwafina
33%
Neighbors 2: Sorority Rising Beanie Feldstein
33%
Forgetting Sarah Marshall Bill Hader
33%
Neighbors 2: Sorority Rising, Bros Billy Eichner
33%
Bros Bowen Yang
33%
Forgetting Sarah Marshall, Neighbors, Neighbors 2: Sorority Rising, Get Him to the Greek Carla Gallo
33%
Neighbors 2: Sorority Rising Chloe Grace Moretz
33%
The Five-Year Engagement Chris Pratt
33%
Neighbors, Neighbors 2: Sorority Rising Christopher Mintz-Plasse
33%
Storks Danny Trejo
33%
Bros Debra Messing
33%
Get Him to the Greek Elisabeth Moss
33%
Get Him to the Greek Ellie Kemper
33%
The Five-Year Engagement Emily Blunt
33%
You're Cordially Invited Geraldine Viswanathan
33%
Neighbors, Neighbors 2: Sorority Rising Hannibal Buress
33%
Neighbors, Neighbors 2: Sorority Rising, Storks Ike Barinholtz
33%
The Five-Year Engagement Jacki Weaver
33%
Forgetting Sarah Marshall, You're Cordially Invited Jack McBrayer
33%
Neighbors Jason Mantzoukas
33%
Storks Jennifer Aniston
33%
Neighbors, Neighbors 2: Sorority Rising Jerrod Carmichael
33%
You're Cordially Invited Jimmy Tatro
33%
Storks Jordan Peele
33%
Neighbors, Storks Jorma Taccone
33%
Storks Katie Crown
33%
Storks Keegan-Michael Key
33%
Neighbors 2: Sorority Rising, Storks Kelsey Grammer
33%
Bros Kenan Thompson
33%
The Five-Year Engagement Kevin Hart
33%
Neighbors 2: Sorority Rising Kiersey Clemons
33%
Forgetting Sarah Marshall Kristen Wiig
33%
The Five-Year Engagement Kumail Nanjiani
33%
Get Him to the Greek Lino Facioli
33%
Neighbors, Neighbors 2: Sorority Rising Lisa Kudrow
33%
Forgetting Sarah Marshall, Neighbors Liz Cackowski
33%
Bros Luke Macfarlane
33%
You're Cordially Invited Meredith Hagner
33%
Forgetting Sarah Marshall Mila Kunis
33%
The Five-Year Engagement Mindy Kaling
33%
The Five-Year Engagement Molly Shannon
33%
You're Cordially Invited Nick Jonas
33%
Get Him to the Greek P. Diddy
33%
Neighbors, The Five-Year Engagement Randall Park
33%
The Five-Year Engagement Rhys Ifans
33%
Neighbors 2: Sorority Rising Selena Gomez
33%
Forgetting Sarah Marshall Taylor Wily
33%
Get Him to the Greek T. J. Miller
33%
Storks Ty Burrell
33%
Forgetting Sarah Marshall William Baldwin
33%
You're Cordially Invited Wyatt Russell
33%
Neighbors Akiva Schaffer
0%
Get Him to the Greek Aziz Ansari
0%
Neighbors 2: Sorority Rising Ciara Bravo
0%
Bros Guy Branum
0%
Bros Harvey Fierstein
0%
Bros Miss Lawrence
0%
Get Him to the Greek Neal Brennan
0%
No matching quizzes found
Score Distribution
Percent of People with Each Score
Percentile by Number Answered
Your Score History
You have not taken this quiz